000 00424nam a22001457a 4500
020 _a9788131703823
082 _a659
100 _aFrank Jefkins
245 _aAdvertising
250 _a4th
260 _aDorling Kinderseley
_bPearson education
_c2000
300 _a416p
942 _cBK
999 _c3479
_d3479